| 000 | 02936nam a2200193 a 4500 | ||
|---|---|---|---|
| 001 | 000012904 | ||
| 005 | 20240305073651.0 | ||
| 008 | 091118s2002 dr ac 000 0 spa d | ||
| 020 | _a9993487325 | ||
| 040 |
_aDO-SdBNP _bspa _cBNPHU |
||
| 082 |
_axxxx _bxxxx |
||
| 245 | 0 | 0 |
_aAntología literaria : _beducación media / _cilustración Ruddy Núñez ; editor Manuel García Cartagena (dominicano). |
| 260 |
_aSanto Domingo : _bSantillana, _c2002. |
||
| 300 |
_av. : _bil. ; _c27 cm. |
||
| 505 | 0 |
_av. 1 _g1er. curso/Primer ciclo _gUnidad 1 _tPrimeras letras de la española -- _gUnidad 2 _tUn siglo perdido -- _gUnidad 3 _tLos primeros escritores criollos de la Española -- _gUnidad 4 _tEl difícil tránsito hacia la república -- _gUnidad 5 _tLos fundadores -- _gUnidad 6 _tEl nacimiento de una tradición -- _gUnidad 7 _tEl nacimiento de una historia -- _gUnidad 8 _tEl anhelo de un cambio -- _gUnidad 9 _tTiempos nuevos -- _gUnidad 10 _tEntre la esencia y el artificio -- _gUnidad 11 _tVirtudes neoclásicas -- _gUnidad 12 _tPasión de libertad -- _gv .2 _g2do. curso/Primer ciclo _gUnidad 1 _tEl prerromanticismo -- _gUnidad 2 _tEl romanticismo en hispanoamérica -- _gUnidad 3 _tObras maestras del romanticismo -- _gUnidad 4 _tLiteratura gauchesca. Realismo y costumbrismo -- _gUnidad 5 _tPreculsores del modernismo -- _gUnidad 6 _tEl período modernista -- _gUnidad 7 _tNeoclasicismo y prerromanticismo en Europa -- _gUnidad 8 _tEl romanticismo europeo -- _gUnidad 9 _tEl realismo en Europa -- _gUnidad 10 _tLa modernidad en Europa -- _gUnidad 11 _tEl final del siglo XIX en Europa -- _gUnidad 12 _tTeatro y pensamiento en Europa -- _gv. 3 _g1er. curso/ Segundo ciclo _gUnidad 1 _tEspaña en transición -- _gUnidad 2 _tPensadores españoles del novecentismo -- _gUnidad 3 _tLa lírica española de entreguerras -- _gUnidad 4 _tPoetas españoles de vanguardia -- _gUnidad 5 _tLetras española de la posguerra -- _gUnidad 6 _tLetras española contemporáneas -- _gUnidad 7 _tLetras de la " Belle epoque" -- _gUnidad 8 _tLetras de la época de entreguerras -- _gUnidad 9 _tGrandes novelistas alemanes -- _gUnidad 10 _tLetras francesas de la posguerra -- _gUnidad 11 _tLetras de la posguerra norteamericana -- _gUnidad 12 _tLetras europeas contemporáneas -- _tLetras en son de guerra -- |
|
| 505 | 0 |
_gv. 4 _g2do curso/ Segundo ciclo _gUnidad 1 _tPrimeros proyectos poéticos dominicanos -- _gUnidad 2 _tLetras dominicanas de los años 1940 -- _gUnidad 3 _tLetras en son de guerra -- _gUnidad 4 _tCon la letra de mujer -- _gUnidad 5 _tPoesía de la crisis, crisis de la poesía -- _gUnidad 6 _tLos nuevos prosistas -- _gUnidad 7 _tPoetas vanguardistas hispanoamericanos -- _gUnidad 8 _tNarrativa postmodernista hispanoamericana -- _gUnidad 9 _tHispanoaméricana: medio siglo de poetas -- _gUnidad 10 _tEl boom de la novela hispanoamericana -- _gUnidad 11 _tEscritoras hispanoamericanas -- _gUnidad 12 _tHispanoamérica: ¿que se cuenta hoy? |
|
| 700 | 1 | 2 |
_aNúñez, Ruddy , _eil. _923171 |
| 700 | 1 | 2 |
_aGarcía Cartagena, Manuel _eedi. _912067 |
| 999 |
_c12552 _d12552 |
||